000 00273nam a2200109Ia 4500
008 190216s9999||||xx |||||||||||||| ||und||
100 _aSyama Sundar Ghosh
245 0 _aHindi-Naye Kavitha Ke Swaroop Vikas
260 _bHindi Sahithya Sadan
650 _aHindi
942 _cBK
999 _c15237
_d15237